000 00428nam a2200169Ia 4500
001 64105
008 191204n ii |||gr||||Z||||||465
082 _a892.7
100 _aAmin, Ahmad,
_eAuthor.
245 0 _aHaiyaati
_cby Ahmad Amin
_hTextual Documents
260 _aDeoband:
_bDarul Maarif.
300 _a301p:
_c23cm.
653 _aArabic
653 _aArabic, Aarabic literature
653 _aPG-Arabic
942 _2ddc
_cBK
999 _c65205
_d65205